Hadislerle İslam 1 (Record no. 2821)

MARC details
000 -BAŞLIK
Sabit Uzunlukta Kontrol Alanı 00965na a2200325 4500
001 - KONTROL NUMARASI
Denetim Alanı 12735
003 - KONTROL NUMARASI IDENTIFIER
Denetim Alanı MIRAKIL
005 - SON İŞLEM TARİHİ VE ZAMANI
Denetim Alanı 20181213154910.0
008 - SABİT-BOY VERİ ELEMANLARI - GENEL BİLGİLER
Sabit Uzunlukta Kontrol Alanı 160923b tu 000 0
020 ## - ULUSLARARASI STANDART KİTAP NUMARASI
Uluslararası Standart Kitap Numarası 9789751955456 (c. 7)
020 ## - ULUSLARARASI STANDART KİTAP NUMARASI
Uluslararası Standart Kitap Numarası 9789751955449 (c. 6)
020 ## - ULUSLARARASI STANDART KİTAP NUMARASI
Uluslararası Standart Kitap Numarası 9789751955432 (c. 5)
020 ## - ULUSLARARASI STANDART KİTAP NUMARASI
Uluslararası Standart Kitap Numarası 9789751955425 (c. 4)
020 ## - ULUSLARARASI STANDART KİTAP NUMARASI
Uluslararası Standart Kitap Numarası 9789751955418 (c. 3)
020 ## - ULUSLARARASI STANDART KİTAP NUMARASI
Uluslararası Standart Kitap Numarası 9789751955470 (c. 2)
020 ## - ULUSLARARASI STANDART KİTAP NUMARASI
Uluslararası Standart Kitap Numarası 9789751955395 (tk.)
020 ## - ULUSLARARASI STANDART KİTAP NUMARASI
Uluslararası Standart Kitap Numarası 9789751955463 (c. 1)
035 ## - SİSTEM KONTROL NUMARASI
Sistem Kontrol Numarası 12735
040 ## - KATALOGLAMA KAYNAK
Orijinal Kataloglama Ajansı Milas
Kataloglama Dili tur
Metne Dönüştürmek Ajansı TR-AnCHP
082 ## - DEWEY ONLU SINIFLANDIRMA NUMARASI
Sınıflandırma Numarası 297.124
Ürün Numarası H22 2013
090 ## - SINIFLAMA NUMARASI
Sınıflama Numarası 297.124 H22 2013
245 ## - BAŞLIK TABLOSU
Başlık Hadislerle İslam 1
Başlığın Kalan Hadislerle hadislerin yorumu
Sorumluluk Tablosu, Vb Editörler Mehmet Emin Özafşar ... [ve öte.]
246 ## - UNVAN FORM VARYING
Başlık Doğru / Kısa Başlığı Hadislerle İslam
260 ## - YAYIN, DAĞITIM, VB
Yayın, Dağıtım, Vb Yeri Ankara
Yayıncı, Dağıtıcı, Vs Adı Diyanet İşleri Başkanlığı
Yayın, Dağıtım, Vb Tarihi 2013
300 ## - FİZİKSEL TANIM
Kapsam 7 c.
Boyutlar 27 sm.
650 ## - KONU KATMA GİRİŞ - TOPİKAL DÖNEM
Topikal Süreli Veya Coğrafi Ad Giriş Elemanı İslam dini
Genel Alt Bölümü Hadis
650 ## - KONU KATMA GİRİŞ - TOPİKAL DÖNEM
Topikal Süreli Veya Coğrafi Ad Giriş Elemanı İslam
Genel Alt Bölümü Hadis
700 ## - KATMA GİRİŞ - KİŞİSEL İSİM
Kişisel Ad Özafşar, Mehmet Emin
942 ## - EKLENDİ GİRİŞ ELEMANLARI (KOHA)
Sınıflandırma Veya Raf Düzeni Kaynak Dewey Decimal Classification
Koha Öğesi Türü Books
999 ## - SİSTEM KONTROL NUMARALARI (KOHA)
Koha Biblionumber 2821
Koha Biblioitemnumber 2821
Holdings
Kalıcı Konum Mevcut Konum Edinme Tarihi Edinim Kaynak Toplam Check-Out'Lar Tam Çağrı Numarası Barkod Tarih Son Görülme İtibaren Geçerli Fiyatlar Koha Öğesi Türü Seri Numaralandırma / Kronolojik
CHP Kütüphanesi CHP Kütüphanesi 08/01/2016 Bağış   297.124 H22 2013 000532 08/01/2016 08/01/2016 Books  
CHP Kütüphanesi CHP Kütüphanesi 09/23/2016 Bağış   297.124 H22 2013 000533 09/23/2016 09/23/2016 Books  
CHP Kütüphanesi CHP Kütüphanesi 09/23/2016 Bağış   297.124 H22 2013 000534 09/23/2016 09/23/2016 Books c.2
CHP Kütüphanesi CHP Kütüphanesi 09/23/2016 Bağış   297.124 H22 2013 000535 09/23/2016 09/23/2016 Books c.3
CHP Kütüphanesi CHP Kütüphanesi 09/23/2016 Bağış   297.124 H22 2013 000536 09/23/2016 09/23/2016 Books c.4
CHP Kütüphanesi CHP Kütüphanesi 09/23/2016 Bağış   297.124 H22 2013 000537 09/23/2016 09/23/2016 Books c.5
CHP Kütüphanesi CHP Kütüphanesi 09/23/2016 Bağış   297.124 H22 2013 000538 09/23/2016 09/23/2016 Books c.6